|
|
|
|
| LEADER |
03100nam a2200505 4500 |
| 001 |
ocn921307274 |
| 003 |
OCoLC |
| 005 |
20170124065930.7 |
| 006 |
m o d |
| 007 |
cr cnu|||unuuu |
| 008 |
150917t20152016enk ob 001 0 eng d |
| 040 |
|
|
|a DG1
|b eng
|e rda
|e pn
|c DG1
|d YDXCP
|d EBLCP
|d OCLCF
|d DEBBG
|d KSU
|d RECBK
|d GrThAP
|
| 019 |
|
|
|a 922074071
|
| 020 |
|
|
|a 9781118455494
|q electronic bk.
|
| 020 |
|
|
|a 1118455495
|q electronic bk.
|
| 020 |
|
|
|z 9781118455166
|
| 020 |
|
|
|z 9781118455432
|
| 024 |
7 |
|
|a 10.1002/9781118455494
|2 doi
|
| 029 |
1 |
|
|a NLGGC
|b 400409682
|
| 029 |
1 |
|
|a AU@
|b 000058381067
|
| 029 |
1 |
|
|a DEBBG
|b BV043398032
|
| 035 |
|
|
|a (OCoLC)921307274
|z (OCoLC)922074071
|
| 050 |
|
4 |
|a P40
|
| 082 |
0 |
4 |
|a 306.44
|2 23
|
| 049 |
|
|
|a MAIN
|
| 100 |
1 |
|
|a Tagliamonte, Sali,
|e author.
|
| 245 |
1 |
0 |
|a Making waves :
|b the story of variationist sociolinguistics /
|c Sali A. Tagliamonte.
|
| 264 |
|
1 |
|a Chichester, West Sussex, United Kingdom :
|b Wiley Blackwell,
|c [2015].
|
| 264 |
|
4 |
|c ©2016
|
| 300 |
|
|
|a 1 online resource.
|
| 336 |
|
|
|a text
|b txt
|2 rdacontent
|
| 337 |
|
|
|a computer
|b c
|2 rdamedia
|
| 338 |
|
|
|a online resource
|b cr
|2 rdacarrier
|
| 505 |
0 |
|
|a Where It Begins -- Synchronicity and Sociolinguistics -- A Crescendo of Research -- Roots of Variationist Thinking -- Sociolinguistics in the Street -- Why Statistics in Your Head -- Sociolinguistics From the Heart -- Branching Out; Bursting at the Seams -- Why Do You Like Variation? -- Launching the Future -- Afterword -- Appendix A List of Interviews -- Appendix B VSLX Family Tree.
|
| 504 |
|
|
|a Includes bibliographical references and index.
|
| 588 |
0 |
|
|a Online resource; title from PDF title page (John Wiley, viewed September 17, 2015).
|
| 520 |
|
|
|a Making Waves tells the human story of an academic field based on one-to-one interviews with 43 of the most famous scholars in Variationist Sociolinguistics. Explanations of concepts, ideas, good practice and sage advice come directly from the progenitors of the discipline. -An authentic, inside story about the origins of Sociolinguistics as Language Variation and Change, recording the context and spirit of sociolinguistics -Gives students access to the views on language variation of major sociolinguists such as Bill Labov and Peter Trudgill -Offers a human story of an academic field, and is written in the style of a novel, offering complete accessibility with minimal in-group terminology -Provides a timely audio archive of the reminiscences of the major Sociolinguists, including Labov, Fasold, Milroy, Trudgill, and Wolfram, with a companion website featuring 400 audio clips from the interviews. Visit the site at.
|
| 650 |
|
0 |
|a Sociolinguistics.
|
| 650 |
|
0 |
|a Language and languages
|x Variation.
|
| 650 |
|
7 |
|a Language and languages
|x Variation.
|2 fast
|0 (OCoLC)fst00992272
|
| 650 |
|
7 |
|a Sociolinguistics.
|2 fast
|0 (OCoLC)fst01123847
|
| 650 |
|
7 |
|a LANGUAGE ARTS & DISCIPLINES / Linguistics / Sociolinguistics.
|2 bisacsh
|
| 655 |
|
4 |
|a Electronic books.
|
| 856 |
4 |
0 |
|u https://doi.org/10.1002/9781118455494
|z Full Text via HEAL-Link
|
| 994 |
|
|
|a 92
|b DG1
|